|
|
|
|
| LEADER |
00000cam a2200000 7i4500 |
| 001 |
0000006374 |
| 005 |
20241001.0 |
| 008 |
000204 my eng |
| 020 |
|
|
|a 9676107646
|
| 040 |
|
|
|a INS
|b eng
|e rda
|
| 090 |
0 |
0 |
|a HD2329.
|b I493 1997
|
| 245 |
0 |
0 |
|a Industrialisation in Malaysia :
|b some contemporary issues
|c edited by B. N. Ghosh, Lai Yew Wah, Suresh Narayanan
|
| 264 |
|
1 |
|a Kuala Lumpur :
|b Utusan Publication & Distributors
|c 1997
|
| 300 |
|
|
|a vi, 210 pages ;
|c 23 cm.
|
| 336 |
|
|
|a text
|2 rdacontent
|
| 337 |
|
|
|a unmediated
|2 rdamedia
|
| 338 |
|
|
|a volume
|2 rdacarrier
|
| 504 |
|
|
|a Includes bibliographical references and index
|
| 650 |
|
0 |
|a Industrialisation policy
|z Malaysia
|
| 650 |
|
0 |
|a Industrialisation
|z Malaysia
|
| 700 |
0 |
|
|a Suresh Narayanan ,
|e editor
|
| 700 |
1 |
|
|a Ghosh, B.N. ,
|e editor
|
| 700 |
1 |
|
|a Lai, Yew Wah ,
|e editor
|
| 999 |
|
|
|a 0000007449
|b BOOK
|c Open Shelf
|e Default branch
|
| 999 |
|
|
|a 0000008330
|b BOOK
|c Open Shelf
|e Default branch
|